Wireless transmission / (Record no. 183228)
[ view plain ]
| 000 -LEADER | |
|---|---|
| fixed length control field | 00963 a2200193 4500 |
| 003 - CONTROL NUMBER IDENTIFIER | |
| control field | Nust |
| 005 - DATE AND TIME OF LATEST TRANSACTION | |
| control field | 20221221110701.0 |
| 040 ## - CATALOGING SOURCE | |
| Transcribing agency | Nust |
| 082 ## - DEWEY DECIMAL CLASSIFICATION NUMBER | |
| Classification number | 621.38411,CAM |
| 100 ## - MAIN ENTRY--PERSONAL NAME | |
| Personal name | F.J. Camm |
| 9 (RLIN) | 105489 |
| 245 ## - TITLE STATEMENT | |
| Title | Wireless transmission / |
| Statement of responsibility, etc. | F.J. Camm |
| 250 ## - EDITION STATEMENT | |
| Edition statement | 6th ed |
| 260 ## - PUBLICATION, DISTRIBUTION, ETC. | |
| Place of publication, distribution, etc. | Gerorge Newnes Limited |
| Name of publisher, distributor, etc. | London |
| Date of publication, distribution, etc. | 1941 |
| 300 ## - PHYSICAL DESCRIPTION | |
| Extent | 143 p |
| Other physical details | illus |
| Dimensions | 24 cm |
| 505 ## - FORMATTED CONTENTS NOTE | |
| Formatted contents note | Preliminaries (Page-9), Fundamental Principles (Page-13), About Valves (Page-17), The Valve as Rectifier and Oscillator (Page-30), Transmitting Circuits (Page-37), The Radio Frequency Power Amplifier (Page-47), Modulation Systems (Page-55), Electronic Radiation (Page-66), One Valve Battery Operated Transmitter (Page-70), Aerials (Page-88), Station Layout (Page-101), Frequency Meters (Page-105), Ht Supplies (Page-112), Ten Watt AC Operated Transmitter (Page-118), Making Coils (Page-127). |
| 600 ## - SUBJECT ADDED ENTRY--PERSONAL NAME | |
| Personal name | F.J. Camm |
| 9 (RLIN) | 105489 |
| 650 ## - SUBJECT ADDED ENTRY--TOPICAL TERM | |
| Topical term or geographic name entry element | Wireless transmission |
| 9 (RLIN) | 105490 |
| 942 ## - ADDED ENTRY ELEMENTS (KOHA) | |
| Source of classification or shelving scheme | |
| Koha item type | Book |
| Withdrawn status | Lost status | Source of classification or shelving scheme | Damaged status | Not for loan | Permanent Location | Current Location | Shelving location | Date acquired | Full call number | Barcode | Date last seen | Price effective from | Koha item type | Public note |
|---|---|---|---|---|---|---|---|---|---|---|---|---|---|---|
| Military College of Signals (MCS) | Military College of Signals (MCS) | General Stacks | 12/12/2016 | 621.38411,CAM | MCS7028 | 12/08/2016 | 12/12/2016 | Book | Almirah No.38, Shelf No.4 | |||||
| Military College of Signals (MCS) | Military College of Signals (MCS) | General Stacks | 12/12/2016 | 621.38411,CAM | MCS7033 | 12/08/2016 | 12/12/2016 | Book | Almirah No.38, Shelf No.4 |
